<?xml version="1.0" encoding="UTF-8"?><?xml-stylesheet type="text/xsl" href="static/style.xsl"?><OAI-PMH xmlns="http://www.openarchives.org/OAI/2.0/" xmlns:xsi="http://www.w3.org/2001/XMLSchema-instance" xsi:schemaLocation="http://www.openarchives.org/OAI/2.0/ http://www.openarchives.org/OAI/2.0/OAI-PMH.xsd"><responseDate>2026-04-13T02:43:43Z</responseDate><request verb="GetRecord" identifier="oai:www.recercat.cat:2099.1/24506" metadataPrefix="marc">https://recercat.cat/oai/request</request><GetRecord><record><header><identifier>oai:recercat.cat:2099.1/24506</identifier><datestamp>2025-07-22T18:50:47Z</datestamp><setSpec>com_2072_1033</setSpec><setSpec>col_2072_452951</setSpec></header><metadata><record xmlns="http://www.loc.gov/MARC21/slim" xmlns:dcterms="http://purl.org/dc/terms/" xmlns:xsi="http://www.w3.org/2001/XMLSchema-instance" xmlns:doc="http://www.lyncode.com/xoai" xsi:schemaLocation="http://www.loc.gov/MARC21/slim http://www.loc.gov/standards/marcxml/schema/MARC21slim.xsd">
   <leader>00925njm 22002777a 4500</leader>
   <datafield ind2=" " ind1=" " tag="042">
      <subfield code="a">dc</subfield>
   </datafield>
   <datafield ind2=" " ind1=" " tag="720">
      <subfield code="a">Rodríguez Rivera, Cristina Marie</subfield>
      <subfield code="e">author</subfield>
   </datafield>
   <datafield ind2=" " ind1=" " tag="260">
      <subfield code="c">2014-09</subfield>
   </datafield>
   <datafield ind2=" " ind1=" " tag="520">
      <subfield code="a">Two different three-dimensional reconstructions of the crack propagation&#xd;
induced by mechanical testing in zirconia-toughened alumina (ZTA) were made. The first tomography is of the damage caused by an indentation, with the objective to visualize how the crack propagates inside of the material and how it interacts with the different phases that compose the material. The second reconstruction is based on the damage caused by a scratch test on the surface of the material and the fissures generated. By doing a Focused Ion Beam (FIB) tomography it is possible to understand what happens inside of the material when a mechanical test is performed, instead of just the surface. From the fissures obtained by both the indentation and the scratch&#xd;
tests, it can be calculated if the crack has a phase propagation tendency, the tortuosity of the crack, the crack opening displacement and a complete characterization of the material. Also, the precise reconstruction of the microstructure and geometry of the different phase grains is possible. A&#xd;
comparison between the two samples is done regarding all the previously mentioned aspects to study.</subfield>
   </datafield>
   <datafield tag="653" ind2=" " ind1=" ">
      <subfield code="a">Àrees temàtiques de la UPC::Informàtica::Infografia</subfield>
   </datafield>
   <datafield tag="653" ind2=" " ind1=" ">
      <subfield code="a">Àrees temàtiques de la UPC::Enginyeria dels materials::Assaig de materials</subfield>
   </datafield>
   <datafield tag="653" ind2=" " ind1=" ">
      <subfield code="a">Zirconium alloys -- Microstructure</subfield>
   </datafield>
   <datafield tag="653" ind2=" " ind1=" ">
      <subfield code="a">Zirconium alloys – Cracking and Fracture</subfield>
   </datafield>
   <datafield tag="653" ind2=" " ind1=" ">
      <subfield code="a">Focused ion beams</subfield>
   </datafield>
   <datafield tag="653" ind2=" " ind1=" ">
      <subfield code="a">Tomography -- Industrial applications</subfield>
   </datafield>
   <datafield tag="653" ind2=" " ind1=" ">
      <subfield code="a">Zirconi – Aliatges -- Microestructura</subfield>
   </datafield>
   <datafield tag="653" ind2=" " ind1=" ">
      <subfield code="a">Zirconi – Aliatges -- Fissuració i Fractura</subfield>
   </datafield>
   <datafield tag="653" ind2=" " ind1=" ">
      <subfield code="a">Feixos d’ions focalitzats</subfield>
   </datafield>
   <datafield tag="653" ind2=" " ind1=" ">
      <subfield code="a">Tomografia -- Aplicacions industrials</subfield>
   </datafield>
   <datafield ind2="0" ind1="0" tag="245">
      <subfield code="a">Focused Ion Beam tomography of the damage produced in zirconia toughened alumina</subfield>
   </datafield>
</record></metadata></record></GetRecord></OAI-PMH>